Trách nhiệm và ý thức, tình cảm và tinh thần tích cực trợ duyên cho Đại lễ thành công /

Đã lưu trong:
书目详细资料
主要作者: Bùi Hữu Dược, ThS.
格式: Bài viết
语言:Vietnamese
主题:
标签: 添加标签
没有标签, 成为第一个标记此记录!
Thư viện lưu trữ: Thư viện Trường Đại học Đà Lạt
LEADER 00822nam a2200265 4500
001 DLU110123285
005 ##20110802
040 # # |a DLU  |b vie 
041 # # |a vie 
044 # # |a vn 
100 # # |a Bùi Hữu Dược,   |c ThS. 
245 # # |a Trách nhiệm và ý thức, tình cảm và tinh thần tích cực trợ duyên cho Đại lễ thành công /  |c Bùi Hữu Dược. 
653 # # |a Đại lễ Phật đản 
653 # # |a Nghi lễ 
653 # # |a Văn hóa phật giáo 
773 # # |t Tuần báo Giác ngộ  |g Số 424, 2008, tr. 4 
920 # # |a Phòng Tạp chí -- Trung tâm Thông tin - Thư viện Trường Đại học Đà Lạt 
994 # # |a DLU 
900 # # |a True 
911 # # |a Nguyễn Thị Linh Chi 
925 # # |a G 
926 # # |a A 
927 # # |a BB 
980 # # |a Thư viện Trường Đại học Đà Lạt